000
00224nam a22000857a 4500
008
161227b xxu||||| |||| 00| 0 eng d
100
_9
2158
_a
Nehamiah.A
245
_a
Surprise Gifts
260
_a
New Delhi
_b
Childrens Book Trust
_c
2011
999
_c
5048
_d
5048